| 000 | 00473nam a2200169Ia 4500 | ||
|---|---|---|---|
| 008 | 230917s9999||||xx |||||||||||||| ||und|| | ||
| 020 | _cRS1295 | ||
| 040 |
_e228498 _aMAIN |
||
| 041 | _aEnglish | ||
| 082 | _a338.4791 A81R | ||
| 100 | _aAgarwal, Prateek | ||
| 245 | 0 | _aRecent advances in tourism and hospitality management | |
| 260 |
_aNew Delhi _bReaders Paradise _c2015 |
||
| 300 | _a268 p. | ||
| 500 | _a2126 24/09/2015 FP15/7465 25/09/2015 IHTM (SFS) | ||
| 942 | _cBK | ||
| 999 |
_c16138 _d16138 |
||